Archivum : Revista del Archivo Histórico Patrimonial de Viña del Mar.
| Formato: | Libro |
|---|---|
| Lenguaje: | inglés |
MARC
| LEADER | 00000cam a2200000 a 4500 | ||
|---|---|---|---|
| 001 | 025707 | ||
| 003 | UAHC_CL | ||
| 005 | 20170803122544.0 | ||
| 008 | 140804b xx j 000 1 eng | ||
| 040 | |a UAHC_CL |c UAHC_CL |d UAHC_CL | ||
| 245 | 1 | 0 | |a Archivum : |b Revista del Archivo Histórico Patrimonial de Viña del Mar. |
| 900 | |a ARCHIVUM | ||
| 942 | |c BK | ||
| 952 | |0 0 |1 0 |4 0 |6 ARCHIVUM_11_13_000000000000000 |7 0 |8 Hemeroteca |9 52149 |a BC |b BC |c Hemeroteca |d 2017-08-03 |l 0 |o ARCHIVUM-11/13 |p 1408560 |r 2019-01-03 00:00:00 |t 1 |w 2017-08-03 |y BK | ||
| 999 | |c 25707 |d 25707 | ||